La política : (Registro nro. 175239)

Detalles MARC
000 -CABECERA
campo de control de longitud fija 00776nam a22002657a 4500
005 - FECHA Y HORA DE LA ÚLTIMA TRANSACCIÓN
campo de control 20260222202659.0
008 - DATOS DE LONGITUD FIJA--INFORMACIÓN GENERAL
campo de control de longitud fija 260222b |||||||| |||| 00| 0 spa d
040 ## - FUENTE DE LA CATALOGACIÓN
Centro catalogador/agencia de origen CO-BoESAP
Lengua de catalogación spa
Centro/agencia transcriptor CO-BoESAP
100 1# - ENTRADA PRINCIPAL--NOMBRE DE PERSONA
Nombre de persona Roa Suárez, Hernando,
Fechas asociadas al nombre 1939-
9 (RLIN) 119
Término indicativo de función/relación autor
245 13 - MENCIÓN DE TÍTULO
Título La política :
Resto del título arte y ciencia /
Mención de responsabilidad, etc. Hernando Roa Suárez.
300 ## - DESCRIPCIÓN FÍSICA
Extensión páginas 25-34
504 ## - NOTA DE BIBLIOGRAFÍA, ETC.
Nota de bibliografía, etc. Bibliografía : página 34.
526 ## - NOTA DE INFORMACIÓN SOBRE EL PROGRAMA DE ESTUDIO
Nombre del programa 104436 - MAESTRÍA EN ADMINISTRACIÓN PÚBLICA - A distancia
526 ## - NOTA DE INFORMACIÓN SOBRE EL PROGRAMA DE ESTUDIO
Nombre del programa 1697 - ADMINISTRACIÓN PÚBLICA TERRITORIAL - A distancia
526 ## - NOTA DE INFORMACIÓN SOBRE EL PROGRAMA DE ESTUDIO
Nombre del programa 19790 - MAESTRÍA EN ADMINISTRACIÓN PÚBLICA - Presencial
526 ## - NOTA DE INFORMACIÓN SOBRE EL PROGRAMA DE ESTUDIO
Nombre del programa 51868 - ADMINISTRACIÓN PÚBLICA - Presencial
526 ## - NOTA DE INFORMACIÓN SOBRE EL PROGRAMA DE ESTUDIO
Nombre del programa 102619 - ESPECIALIZACIÓN EN GESTIÓN PÚBLICA - Virtual
526 ## - NOTA DE INFORMACIÓN SOBRE EL PROGRAMA DE ESTUDIO
Nombre del programa 5144 - ESPECIALIZACIÓN EN ALTA DIRECCIÓN DEL ESTADO - Presencial
650 17 - PUNTO DE ACCESO ADICIONAL DE MATERIA--TÉRMINO DE MATERIA
Término de materia o nombre geográfico como elemento de entrada Política y gobierno
9 (RLIN) 3943
Fuente del encabezamiento o término LEMB
650 27 - PUNTO DE ACCESO ADICIONAL DE MATERIA--TÉRMINO DE MATERIA
Término de materia o nombre geográfico como elemento de entrada Ciencias políticas
9 (RLIN) 939
Fuente del encabezamiento o término LEMB
650 27 - PUNTO DE ACCESO ADICIONAL DE MATERIA--TÉRMINO DE MATERIA
Término de materia o nombre geográfico como elemento de entrada Arte y Estado
9 (RLIN) 140569
Fuente del encabezamiento o término LEMB
650 27 - PUNTO DE ACCESO ADICIONAL DE MATERIA--TÉRMINO DE MATERIA
Término de materia o nombre geográfico como elemento de entrada Democracia
9 (RLIN) 1445
Fuente del encabezamiento o término LEMB
773 ## - ENLACE AL DOCUMENTO FUENTE/ENTRADA DE REGISTRO ANFITRIÓN
Título Temas políticos contemporáneos
942 ## - ELEMENTOS DE PUNTO DE ACCESO ADICIONAL (KOHA)
Fuente del sistema de clasificación o colocación Clasificación Local
Tipo de ítem Koha Capítulo de Libro

No hay ítems disponibles.